000 00450nam a2200169Ia 4500
003 GCL
008 140319s9999 xx 000 0 ara d
040 _aGCL /
_cGCL
082 0 4 _aفيديو
_b73
100 1 _aمحمود يس
245 1 0 _aسونيا والمجنون /
_cمحمود يس
260 _a[S.N] :
_bلا يوجد
490 _a
650 0 4 _aالافلام السينمائية
650 0 4 _aشرائط فيديو
942 _2ddc
_cBK
999 _c28935
_d28935